| Registos Bibliográficos associados ao registo de autoridade |
|
Etiqueta de registo: 00254nam 2200025 450 001 2289152 003 http://id.bnportugal.gov.pt/bib/catbnp/2289152 100 ## $a20260629d2025 k y0pory01030103ba 101 0# $apor$deng 102 ## $aPT 105 ## $aa m 000yy 106 ## $ar 200 1# $aJoalharia na Casa Real Portuguesa, 1777-1889$e uma periferia subversiva$fJoão Júlio Rumsey Evangelista Nunes Teixeira$gorient. Alexandra Curvelo da Silva Campos, Hugo André de Almeida Vale Pereira Xavier 210 #9 $aLisboa$c[s.n.],$d2025 215 ## $a[16], 559, [190] p.$cil.$d30 cm 300 ## $aAcesso não autorizado pelo período de 2 anos 328 #1 $aTese dout. História da Arte, Faculdade de Ciências Sociais e Humanas, Universidade
NOVA de Lisboa, 2025 700 #1 $aTeixeira,$bJoão Júlio Rumsey Evangelista Nunes$32002039 702 #1 $aCurvelo,$bAlexandra,$f1970-$4727$3273080 702 #1 $92$aXavier,$bHugo$4727$31466705 801 #0 $aPT$bBN$gRPC 966 ## $lBN$mFGMON$x1 971 ## $cssilva$d20260629
|
|
|